000 00741nam a22002537a 4500
001 0002316
003 DO-SdBNP
005 20180222083630.0
007 0002316
008 160412b ||||| |||| 00| 0 spa d
020 _a8426321615
040 _6BPMSU
_8spa
_aBPMSU
_crcd
100 _aSánchez Vigil, Juan Miguel,
_d1956-.
245 _aTrócolo, el duende de la imprenta /
_cJuan Miguel Sánchez Vigil ; ilustrado por Kano.
260 _aZaragoza, España
_bala delta,
_c1991
300 _a139 p. :
_bil. ;
_c21 cm.
490 _aAla Delta
500 _aA partir de los 8 años.
700 _4Kano
_e il.
830 _aAla Delta
942 _2ddc
_cBK
945 _ainventariado, 2018 / dg
956 _2VMATEO
_310
_620160469
_8BPMSU
_a0069
999 _c9719
_d9719